000 00256nam a22001217a 4500
082 _a823
_bPAI/R
100 _aPAI, ANAND
245 _aRANA PRATAP
260 _aBOMBAY
_bINDIA BOOK HOUSE
_c1997
300 _a8
650 _aENGLISH STORY
_zINDIA
942 _cBK
999 _c7443
_d7443